| 000 | 00586nam a2200193Ia 4500 | ||
|---|---|---|---|
| 003 | GCL | ||
| 008 | 140319s9999 xx 000 0 ara d | ||
| 040 |
_aGCL / _cGCL |
||
| 082 | 0 | 4 |
_a071.956 _bا ص |
| 100 | 1 | _aاحسان عسكر | |
| 245 | 1 | 0 |
_aالصحافة العربية فى فلسطين , الاردن سوريا ولبنان / _cاحسان عسكر |
| 300 | _a308 ص | ||
| 490 | _a | ||
| 650 | 0 | 4 | _aالصحافة العربية |
| 650 | 0 | 4 | _aحرية الصحافة |
| 650 | 0 | 4 | _aالحكومة والصحافة |
| 650 | 0 | 4 | _aالصحف العربية |
| 942 |
_2ddc _cBK |
||
| 999 |
_c39800 _d39800 |
||